| 000 | 00403cam a2200157ua 4500 | ||
|---|---|---|---|
| 041 |
_aeng _h |
||
| 082 |
_a671 _bTHO/IN |
||
| 100 | _aThomas, Howard . | ||
| 245 |
_aIntroduction to metal work, Part 2 / _cHoward Thomas. _hTextual Documents |
||
| 250 |
_a1 / _b. |
||
| 260 |
_aLondon : _bMacMillan and Company Limited , _c1960. |
||
| 300 | _a46 ; . | ||
| 504 | _a | ||
| 942 | _cBK | ||
| 999 |
_c2461 _d2461 |
||